Statistics for Official Names of European Countries with a Map

Click here to take the quiz!

General Stats

  • This quiz has been taken 94 times
  • The average score is 33 of 45

Answers on the Map

Answers color-coded by a green-red scale on the quiz's map according to % correct below.
 

Answer Stats

Country% Correct
Republic of Ireland
92%
Iceland
85%
Republic of Poland
84%
Czech Republic
81%
Republic of Albania
81%
Republic of Estonia
81%
Republic of Latvia
81%
Republic of Serbia
81%
Kingdom of Spain
80%
Republic of Croatia
80%
Republic of Kosovo
80%
Republic of Lithuania
80%
Republic of Slovenia
80%
Kingdom of Norway
79%
Kingdom of Sweden
79%
Republic of Belarus
79%
Republic of Bulgaria
79%
Republic of Finland
79%
Republic of Moldova
79%
Kingdom of Belgium
77%
Kingdom of Denmark
77%
Republic of Austria
77%
Russian Federation
77%
Netherlands
76%
United Kingdom of Great Britain and Northern Ireland
76%
Republic of Malta
75%
French Republic
73%
Italian Republic
73%
Romania
73%
Ukraine
73%
Republic of North Macedonia
72%
Bosnia and Herzegovina
71%
Hungary
69%
Republic of San Marino
69%
Slovak Republic
68%
Federal Republic of Germany
67%
Hellenic Republic
64%
Montenegro
63%
Principality of Andorra
63%
Principality of Liechtenstein
63%
Principality of Monaco
63%
Swiss Confederation
60%
Portuguese Republic
59%
Grand Duchy of Luxembourg
57%
Vatican City State
41%

Score Distribution

Percentile by Number Answered

Percent of People with Each Score

Your Score History

You have not taken this quiz